000 01639cam a22003251i 4500
003 SA-RiAUC
005 20251029080952.0
008 251024s1982 mk g f000 0dara c
040 _aOM-MuSQU
_bara
_cSA-RiAUC
_erda
082 0 4 _a258.91
_qSA-RiAUC
090 _a258.91
_b ا ب ن ا
100 1 _aابن أبي كريمة، مسلم بن أبي كريمة التميمي،
_dتوفي حوالي 145 هجري
_eمؤلف.
245 1 0 _aرسالة أبي كريمة في الزكاة للإمام أبي الخطاب المعافري /
_cتأليف أبي عبيدة مسلم بن أبي كريمة.
264 1 _aمسقط :
_bوزارة التراث القومي والثقافة،
_c1982
264 3 _a[مكان الطبع غير محدد] :
_bمطابع سجل العرب
300 _a26 صفحة ؛
_c21 سم.
336 _aنص
_btxt
_2rdacontent
_3كتاب
337 _aبدون وسيط
_bn
_2rdamedia
338 _aمجلد
_bnc
_2rdacarrier
490 1 _aتراثنا ؛
_v43
590 _aزكي.
600 1 7 _aابن أبي كريمة، مسلم بن أبي كريمة التميمي،
_dتوفي حوالي 145 هجري
_vمراسلات
_2aucnm
600 1 7 _aأبو الخطاب المعافري، عبد الأعلى بن السمح المعافري،
_dتوفي 144 هجري
_vمراسلات
_2aucnm
650 7 _aالزكاة (فقه إسلامي)
_2aucsh
650 7 _aفقه الأباضية
_2aucsh
830 0 _aتراثنا (عمان (سلطنة). وزارة التراث القومي والثقافة)
_v43
942 _2ddc
_cBOOK
_n0
949 _aSA-JeALM
_d251024
_umohamedma123
_n1
999 _c12746
_d12746